[Event "AUT-ch Vor1 Internet"]
[Site "Playchess.com INT"]
[Date "2020.04.11"]
[Round "7"]
[White "Thummer, Philipp"]
[Black "Zechner, Andrea"]
[Result "1-0"]
[WhiteElo "1207"]
[BlackElo "1862"]
[PlyCount "63"]
[EventDate "2020.04.11"]
[EventType "swiss (blitz)"]
[EventRounds "9"]
[EventCountry "AUT"]
[SourceTitle "CBM 195 Extra"]
[Source "ChessBase"]
[SourceDate "2020.05.31"]
[SourceVersion "1"]
[SourceVersionDate "2020.05.31"]
[SourceQuality "1"]

1. e4 e6 2. Nf3 d5 3. exd5 exd5 4. d4 Bd6 5. c4 c6 6. c5 Bc7 7. Bd3 Nf6 8. h3 0-0 9. 0-0 Nbd7 10. Bg5 b6 11. b4 a5 12. bxa5 bxc5 13. dxc5 Nxc5 14. Nd4 Nxd3 15. Qxd3 Bd7 16. a6 c5 17. Nf3 Bc6 18. Re1 Qd6 19. Bxf6 Qxf6 20. Nc3 c4 21. Qd4 Qd6 22. Rab1 Rxa6 23. Nb5 Qd7 24. Nxc7 Qxc7 25. Re2 Rfa8 26. Rbb2 h6 27. Ne5 Qd6 28. Nxc4 Qd7 29. Ne3 Bb5 30. Red2 Qc6 31. Qxd5 Qxd5 32. Nxd5 1-0

[Event "AUT-ch Vor1 Internet"]
[Site "Playchess.com INT"]
[Date "2020.04.11"]
[Round "8"]
[White "Zechner, Andrea"]
[Black "Katter, Marlene"]
[Result "0-1"]
[WhiteElo "1862"]
[BlackElo "1609"]
[PlyCount "62"]
[EventDate "2020.04.11"]
[EventType "swiss (blitz)"]
[EventRounds "9"]
[EventCountry "AUT"]
[SourceTitle "CBM 195 Extra"]
[Source "ChessBase"]
[SourceDate "2020.05.31"]
[SourceVersion "1"]
[SourceVersionDate "2020.05.31"]
[SourceQuality "1"]

1. d4 e6 2. c4 f5 3. Nc3 Nf6 4. Bf4 d6 5. Nf3 Be7 6. e3 Nh5 7. Bd3 Nxf4 8. exf4 0-0 9. 0-0 Nc6 10. Re1 Bf6 11. Bc2 Re8 12. a3 b6 13. b4 Bb7 14. Rc1 a5 15. b5 Nb8 16. Bb3 c6 17. c5 dxc5 18. Bxe6+ Kh8 19. bxc6 Nxc6 20. d5 Nd4 21. Bxf5 Nxf5 22. Ne4 Qxd5 23. Nxf6 gxf6 24. Qc2 Nd4 25. Qc3 Nxf3+ 26. gxf3 Rg8+ 27. Kf1 Ba6+ 28. Re2 Bxe2+ 29. Kxe2 Rae8+ 30. Kf1 Qf5 31. Rd1 Qh3# 0-1

[Event "AUT-chT (Women) 1819"]
[Site "Austria"]
[Date "2019.01.20"]
[Round "5.3"]
[White "Wu, Min"]
[Black "Zechner, Andrea"]
[Result "0-1"]
[WhiteElo "1931"]
[BlackElo "1867"]
[PlyCount "50"]
[EventDate "2018.11.17"]
[EventType "team-swiss"]
[EventRounds "7"]
[EventCountry "AUT"]
[SourceTitle "CBM 189 Extra"]
[Source "ChessBase"]
[SourceDate "2019.05.31"]
[SourceVersion "1"]
[SourceVersionDate "2019.05.31"]
[SourceQuality "1"]
[WhiteTeam "Mayrhofen/Zillertal (W)"]
[BlackTeam "Lienz (W)"]
[WhiteTeamCountry "AUT"]
[BlackTeamCountry "AUT"]

1. e4 e6 2. d4 d5 3. Nd2 Nf6 4. e5 Nfd7 5. Bd3 c5 6. c3 b6 7. Qe2 Nc6 8. Ndf3 cxd4 9. Bb5 Qc7 10. Nxd4 Ncxe5 11. f4 Nc4 12. f5 e5 13. Bc6 Bb7 14. Bxd7+ Qxd7 15. b3 Be7 16. Ndf3 e4 17. bxc4 exf3 18. Nxf3 0-0 19. 0-0 Bc5+ 20. Kh1 Qxf5 21. Nh4 Qe4 22. Qh5 Rae8 23. Bf4 dxc4 24. Bg3 Qe2 25. Qg5 Be7 0-1

[Event "AUT-chT (Women) 1819"]
[Site "Austria"]
[Date "2019.01.18"]
[Round "3.3"]
[White "Zechner, Andrea"]
[Black "Kopinits, Anna Christina"]
[Result "0-1"]
[WhiteElo "1867"]
[BlackElo "2306"]
[PlyCount "82"]
[EventDate "2018.11.17"]
[EventType "team-swiss"]
[EventRounds "7"]
[EventCountry "AUT"]
[SourceTitle "CBM 189 Extra"]
[Source "ChessBase"]
[SourceDate "2019.05.31"]
[SourceVersion "1"]
[SourceVersionDate "2019.05.31"]
[SourceQuality "1"]
[WhiteTeam "Lienz (W)"]
[BlackTeam "Wulkaprodersdorf (W)"]
[WhiteTeamCountry "AUT"]
[BlackTeamCountry "AUT"]

1. d4 d5 2. c4 c6 3. Nf3 Nf6 4. cxd5 cxd5 5. Nc3 Nc6 6. Bf4 a6 7. e3 Bg4 8. Be2 e6 9. 0-0 Bd6 10. Bxd6 Qxd6 11. a3 0-0 12. Rc1 b5 13. b4 Bxf3 14. Bxf3 Rac8 15. g3 Rfd8 16. Bg2 Rc7 17. Qb3 Rdc8 18. Ne2 Nd7 19. Rc3 Nb6 20. Rfc1 Nc4 21. Nf4 Ra7 22. Nd3 a5 23. Nc5 axb4 24. axb4 Rca8 25. Qd1 Nxb4 26. Rb3 Na2 27. Ra1 b4 28. e4 g6 29. e5 Nxe5 30. Qe1 Nc6 31. Qd2 Nc3 32. Rc1 Ra1 33. Bf1 Rxc1 34. Qxc1 Nxd4 35. Rxc3 bxc3 36. Qxc3 e5 37. Nd3 Nf3+ 38. Kg2 d4 39. Qb2 Qd5 40. Kh3 Qe4 41. g4 h5 0-1

[Event "Krakow op-B 29th"]
[Site "Krakow"]
[Date "2019.01.02"]
[Round "7"]
[White "Zechner, Andrea"]
[Black "Rogala, Milosz"]
[Result "1/2-1/2"]
[WhiteElo "1859"]
[BlackElo "1738"]
[PlyCount "72"]
[EventDate "2018.12.27"]
[EventType "swiss"]
[EventRounds "9"]
[EventCountry "POL"]
[SourceTitle "CBM 189 Extra"]
[Source "ChessBase"]
[SourceDate "2019.05.31"]
[SourceVersion "1"]
[SourceVersionDate "2019.05.31"]
[SourceQuality "1"]

1. d4 d5 2. c4 c6 3. Nf3 Nf6 4. Nc3 e6 5. e3 Nbd7 6. Bd3 dxc4 7. Bxc4 b5 8. Bd3 Bb7 9. 0-0 a6 10. e4 c5 11. d5 exd5 12. exd5 Be7 13. Re1 0-0 14. Bf4 Re8 15. d6 Bf8 16. Ng5 Rxe1+ 17. Qxe1 h6 18. Nge4 c4 19. Bc2 Qb6 20. Rd1 Re8 21. Nxf6+ Nxf6 22. Qd2 b4 23. Na4 Qc6 24. f3 Nd5 25. Be4 Qxa4 26. Bxd5 Bxd5 27. Qxd5 Qc2 28. Qd2 Qxd2 29. Rxd2 Rd8 30. d7 c3 31. bxc3 bxc3 32. Rd3 c2 33. Kf1 Bb4 34. Ke2 Kf8 35. Bd2 Bxd2 36. Kxd2 Ke7 1/2-1/2

[Event "Krakow op-B 29th"]
[Site "Krakow"]
[Date "2018.12.27"]
[Round "1"]
[White "Zechner, Andrea"]
[Black "Andronescu, Madalin"]
[Result "0-1"]
[WhiteElo "1859"]
[BlackElo "2070"]
[PlyCount "104"]
[EventDate "2018.12.27"]
[EventType "swiss"]
[EventRounds "9"]
[EventCountry "POL"]
[SourceTitle "CBM 189 Extra"]
[Source "ChessBase"]
[SourceDate "2019.05.31"]
[SourceVersion "1"]
[SourceVersionDate "2019.05.31"]
[SourceQuality "1"]

1. d4 Nf6 2. c4 g6 3. Nc3 Bg7 4. e4 d6 5. Nf3 0-0 6. Be2 e5 7. d5 a5 8. Bg5 Na6 9. Nd2 h6 10. Bh4 Qe8 11. a3 Bd7 12. b3 h5 13. f3 Nh7 14. Bf2 Bh6 15. Bd3 Qe7 16. Bc2 h4 17. Rb1 Qg5 18. g4 Kh8 19. Nf1 Qe7 20. Ne3 Ng5 21. h3 Qf6 22. Kf1 Qxf3 23. Qxf3 Nxf3 24. Kg2 Nd4 25. Bd3 Nc5 26. Rhd1 Ncxb3 27. Nc2 b6 28. Bxh4 Nxc2 29. Bxc2 Nd2 30. Ra1 Nxc4 31. Kh1 f5 32. g5 Ne3 33. Rdc1 Nxc2 34. Rxc2 Bg7 35. Ne2 fxe4 36. Rxc7 Bxh3 37. Rb1 Rf1+ 38. Rxf1 Bxf1 39. Nc3 Bd3 40. Rc6 b5 41. Rxd6 b4 42. Na4 bxa3 43. Be1 Rf8 44. Kg2 a2 45. Bc3 Rf1 46. Nc5 Rc1 47. Rd8+ Kh7 48. Rd7 Rxc3 49. Ne6 a1Q 50. Rxg7+ Kh8 51. Rf7 Rc2+ 52. Kg3 Qg1+ 0-1

[Event "Arco op 40th"]
[Site "Arco"]
[Date "2018.10.13"]
[Round "1"]
[White "De Santis, Alessio"]
[Black "Zechner, Andrea"]
[Result "1-0"]
[WhiteElo "2267"]
[BlackElo "1816"]
[PlyCount "73"]
[EventDate "2018.10.13"]
[EventType "swiss"]
[EventRounds "9"]
[EventCountry "ITA"]
[SourceTitle "CBM 186 Extra"]
[Source "ChessBase"]
[SourceDate "2018.08.24"]
[SourceVersion "1"]
[SourceVersionDate "2018.08.24"]
[SourceQuality "1"]

1. b3 d5 2. Bb2 Bf5 3. e3 e6 4. Nf3 Nd7 5. d3 Ngf6 6. Nbd2 h6 7. h3 c6 8. Qe2 Qa5 9. a3 Be7 10. g3 0-0 11. Bg2 Bh7 12. g4 c5 13. g5 hxg5 14. Nxg5 Bg6 15. Rg1 c4 16. b4 cxd3 17. cxd3 Qb5 18. Bf1 Rac8 19. Nxe6 fxe6 20. Rxg6 Rc2 21. Bxf6 Bxf6 22. d4 Qc6 23. Qg4 Rf7 24. Bd3 Rc1+ 25. Rxc1 Qxc1+ 26. Qd1 Qxa3 27. Qb3 Qc1+ 28. Ke2 Bh4 29. Nf3 Bf6 30. Rg1 Qc7 31. Qa3 Qb8 32. Bg6 Re7 33. b5 Nf8 34. Bd3 b6 35. Ne5 Bxe5 36. Qxe7 Bf6 37. Qxf6 1-0

[Event "Sarajevo Bosna op 48th"]
[Site "Sarajevo"]
[Date "2018.05.09"]
[Round "7"]
[White "Zechner, Andrea"]
[Black "Alaz, Ahmet Efekan"]
[Result "0-1"]
[WhiteElo "1811"]
[BlackElo "2072"]
[PlyCount "108"]
[EventDate "2018.05.05"]
[EventType "swiss"]
[EventRounds "9"]
[EventCountry "BIH"]
[SourceTitle "CBM 184 Extra"]
[Source "ChessBase"]
[SourceDate "2018.06.28"]
[SourceVersion "1"]
[SourceVersionDate "2018.06.28"]
[SourceQuality "1"]

1. d4 d5 2. c4 c6 3. Nc3 Nf6 4. Nf3 a6 5. cxd5 cxd5 6. Bf4 e6 7. e3 Be7 8. Bd3 b5 9. Rc1 Bb7 10. h3 Nbd7 11. 0-0 0-0 12. a4 b4 13. Nb1 Qb6 14. Bc7 Qa7 15. Nbd2 Rac8 16. Qb3 Nc5 17. dxc5 Rxc7 18. Qxb4 Bxc5 19. Qf4 Rfc8 20. Nb3 Bb6 21. Rxc7 Bxc7 22. Qb4 a5 23. Qd2 e5 24. Bf5 Re8 25. Rc1 Bb6 26. Bb1 Qa8 27. Ne1 Rd8 28. Nd3 d4 29. exd4 exd4 30. f3 Bd5 31. Nbc5 Qb8 32. b4 axb4 33. Qxb4 Qa7 34. Nb3 Bxb3 35. Qxb3 Bc7 36. Ba2 Bb8 37. Qb5 Qe7 38. Re1 Qa7 39. a5 Bg3 40. Rc1 Qe7 41. Qc4 Nd5 42. Bb3 Nc3 43. Ra1 Ne2+ 44. Kh1 Bb8 45. Re1 Re8 46. Bd1 Qd6 47. f4 Ng3+ 48. Kg1 Rxe1+ 49. Nxe1 g6 50. Nd3 Kg7 51. Ne5 Qe7 52. Qb3 Bxe5 53. fxe5 Qxe5 54. Qf3 Kh6 0-1

[Event "Sarajevo Bosna op 48th"]
[Site "Sarajevo"]
[Date "2018.05.07"]
[Round "4"]
[White "Zechner, Andrea"]
[Black "Radaca, Nasir"]
[Result "1-0"]
[WhiteElo "1811"]
[BlackElo "1619"]
[PlyCount "97"]
[EventDate "2018.05.05"]
[EventType "swiss"]
[EventRounds "9"]
[EventCountry "BIH"]
[SourceTitle "CBM 184 Extra"]
[Source "ChessBase"]
[SourceDate "2018.06.28"]
[SourceVersion "1"]
[SourceVersionDate "2018.06.28"]
[SourceQuality "1"]

1. d4 Nf6 2. c4 g6 3. Nc3 d5 4. cxd5 Nxd5 5. e4 Nxc3 6. bxc3 Bg7 7. Bc4 c5 8. Ne2 0-0 9. 0-0 Qc7 10. Bd3 Rd8 11. Bf4 Qa5 12. Bd2 Nc6 13. d5 Ne5 14. Be1 c4 15. Bc2 e6 16. Nf4 exd5 17. Nxd5 Be6 18. f4 Bxd5 19. exd5 Rxd5 20. Qe2 Nd3 21. Bxd3 Rxd3 22. Qe4 Qd5 23. Qe7 Bxc3 24. Bxc3 Rxc3 25. f5 Rc2 26. Qg5 f6 27. Qg4 g5 28. Rad1 Qc6 29. h4 h5 30. Qg3 g4 31. Kh1 Re8 32. Rd6 Qc7 33. Rfd1 Rce2 34. Qc3 R2e5 35. Rxf6 Qe7 36. Rg6+ Kh7 37. Re6 Rxe6 38. fxe6 Qxe6 39. Qc2+ Kg8 40. Qc1 Qf6 41. Qxc4+ Kh8 42. Rf1 Qxh4+ 43. Kg1 Qe7 44. Qb5 Qe5 45. Rf8+ Kg7 46. Qxe8 Qc5+ 47. Rf2 g3 48. Qf7+ Kh6 49. Qf8+ 1-0

[Event "AUT-chT (Women) 1718"]
[Site "Austria"]
[Date "2018.04.07"]
[Round "8.3"]
[White "Horvath, Reka"]
[Black "Zechner, Andrea"]
[Result "1-0"]
[WhiteElo "2026"]
[BlackElo "1847"]
[PlyCount "89"]
[EventDate "2017.11.24"]
[EventType "team-tourn"]
[EventRounds "9"]
[EventCountry "AUT"]
[SourceTitle "EXT 2019"]
[Source "ChessBase"]
[SourceDate "2018.10.10"]
[SourceVersion "1"]
[SourceVersionDate "2018.10.10"]
[SourceQuality "1"]
[WhiteTeam "Pamhagen (W)"]
[BlackTeam "Extraherb (W)"]
[WhiteTeamCountry "AUT"]
[BlackTeamCountry "AUT"]

1. e4 c6 2. Nc3 d5 3. Nf3 Bg4 4. h3 Bxf3 5. Qxf3 Nf6 6. exd5 cxd5 7. Bb5+ Nc6 8. 0-0 e6 9. d3 Be7 10. Ne2 0-0 11. Bf4 a6 12. Ba4 b5 13. Bb3 Qd7 14. c3 Na5 15. Bc2 b4 16. cxb4 Bxb4 17. Be5 Be7 18. Rac1 Rfc8 19. Nf4 Nc6 20. d4 Qb7 21. Bb3 Ne4 22. Nxd5 Nd2 23. Nxe7+ Qxe7 24. Qc3 Nxf1 25. Kxf1 Na7 26. Qd2 Rxc1+ 27. Qxc1 Rc8 28. Qf4 Nc6 29. d5 exd5 30. Qg4 Nxe5 31. Qxc8+ Qf8 32. Qxf8+ Kxf8 33. Bxd5 Nd3 34. Bc4 Nxb2 35. Bxa6 Na4 36. Bc4 Ke7 37. Ke2 f6 38. Kd3 Kd6 39. Kd4 Nc5 40. Bd5 Na4 41. Be4 h6 42. Kc4 Kc7 43. Kb4 Nb2 44. Bc2 Kb6 45. Kc3 1-0

[Event "AUT-chT (Women) 1617"]
[Site "Austria"]
[Date "2017.04.21"]
[Round "6.3"]
[White "Lasinger, Melanie"]
[Black "Zechner, Andrea"]
[Result "0-1"]
[WhiteElo "1491"]
[BlackElo "1864"]
[PlyCount "52"]
[EventDate "2017.01.14"]
[EventType "team-tourn"]
[EventRounds "11"]
[EventCountry "AUT"]
[SourceTitle "EXT 2018"]
[Source "ChessBase"]
[SourceDate "2017.10.13"]
[SourceVersion "1"]
[SourceVersionDate "2017.10.13"]
[SourceQuality "1"]
[WhiteTeam "Baden (W)"]
[BlackTeam "Extraherb (W)"]
[WhiteTeamCountry "AUT"]
[BlackTeamCountry "AUT"]

1. e4 c6 2. d4 d5 3. exd5 cxd5 4. Nc3 Nc6 5. g3 Bf5 6. a3 e6 7. Bg2 Nf6 8. Nge2 Be7 9. 0-0 0-0 10. Re1 Na5 11. Nf4 Rc8 12. Qe2 Re8 13. h3 h6 14. g4 Bh7 15. Kh1 Qb6 16. Rd1 Nc4 17. Na4 Qc7 18. c3 Ne4 19. Nd3 b6 20. Bf4 Qd7 21. b3 Ncd6 22. Ne5 Qd8 23. Rac1 Bg5 24. Nd3 Bxf4 25. Nxf4 b5 26. Nb2 Nxc3 0-1

[Event "AUT-chT (Women) 1617"]
[Site "Austria"]
[Date "2017.03.25"]
[Round "4.2"]
[White "Zechner, Andrea"]
[Black "Horvath, Reka"]
[Result "0-1"]
[WhiteElo "1864"]
[BlackElo "2029"]
[PlyCount "50"]
[EventDate "2017.01.14"]
[EventType "team-tourn"]
[EventRounds "11"]
[EventCountry "AUT"]
[SourceTitle "EXT 2018"]
[Source "ChessBase"]
[SourceDate "2017.10.13"]
[SourceVersion "1"]
[SourceVersionDate "2017.10.13"]
[SourceQuality "1"]
[WhiteTeam "Extraherb (W)"]
[BlackTeam "Feldbach Kirchberg  (W)"]
[WhiteTeamCountry "AUT"]
[BlackTeamCountry "AUT"]

1. d4 Nf6 2. Nf3 g6 3. Bf4 Bg7 4. e3 0-0 5. Bd3 d6 6. 0-0 c5 7. c3 a6 8. Nbd2 Nc6 9. Qe2 b5 10. Rfe1 Bb7 11. Rad1 e5 12. dxe5 dxe5 13. Nxe5 Qd5 14. Nef3 Qxa2 15. Nf1 Qe6 16. Rd2 Nd5 17. Ng5 Nxf4 18. Nxe6 Nxe2+ 19. Bxe2 fxe6 20. Rd7 Rf7 21. Rd6 Ne5 22. f4 Nc4 23. Bxc4 bxc4 24. Rxe6 Rf6 25. Re7 Rb6 0-1

[Event "AUT-chT (Women) 1617"]
[Site "Austria"]
[Date "2017.01.14"]
[Round "1.2"]
[White "Zechner, Andrea"]
[Black "Anker, Christin"]
[Result "1/2-1/2"]
[WhiteElo "1864"]
[BlackElo "1821"]
[PlyCount "170"]
[EventDate "2017.01.14"]
[EventType "team-tourn"]
[EventRounds "11"]
[EventCountry "AUT"]
[SourceTitle "EXT 2018"]
[Source "ChessBase"]
[SourceDate "2017.10.13"]
[SourceVersion "1"]
[SourceVersionDate "2017.10.13"]
[SourceQuality "1"]
[WhiteTeam "Extraherb (W)"]
[BlackTeam "Schach ohne Grenzen (W)"]
[WhiteTeamCountry "AUT"]
[BlackTeamCountry "AUT"]

1. d4 d5 2. c4 c6 3. Nf3 Nf6 4. Nc3 a6 5. Bf4 g6 6. e3 Bg7 7. Be2 0-0 8. 0-0 dxc4 9. Bxc4 Bg4 10. h3 Bxf3 11. Qxf3 Nbd7 12. Rfd1 Nb6 13. Bb3 Nbd5 14. Be5 e6 15. Na4 Nd7 16. Bxg7 Kxg7 17. e4 N5f6 18. Rac1 Qe7 19. Nc3 Rac8 20. e5 Nd5 21. Ne4 N7b6 22. Nd6 Rc7 23. Qg4 Rd8 24. Rd3 f5 25. Qg3 Nc8 26. Nc4 Nb4 27. Rdd1 Rcd7 28. a3 Nd5 29. Nd2 Nc7 30. Nf3 Nb6 31. Kh2 Nb5 32. Qf4 Nd5 33. Qg3 Kh8 34. h4 Nb6 35. Qf4 Nd5 36. Bxd5 cxd5 37. Rc2 Rc7 38. Rdc1 Rxc2 39. Rxc2 Na7 40. Qh6 Nc6 41. h5 Qg7 42. Qg5 Rg8 43. h6 Qf7 44. Re2 Rf8 45. Qh4 f4 46. Rd2 Qf5 47. Ng5 Kg8 48. Nf3 a5 49. Qg5 Qb1 50. Qg4 Qf5 51. Qxf5 Rxf5 52. Kh3 Rh5+ 53. Kg4 Rxh6 54. Kxf4 Kf8 55. Kg5 Rh5+ 56. Kg4 Rh1 57. Ng5 Ke7 58. g3 h5+ 59. Kf4 h4 60. gxh4 Rxh4+ 61. Ke3 Rg4 62. Nf3 Re4+ 63. Kd3 Rf4 64. Ke3 Re4+ 65. Kd3 Rf4 66. Ke2 Re4+ 67. Kd1 Rf4 68. Rd3 a4 69. Kd2 Na5 70. Kc3 Nc6 71. Kd2 Rf5 72. Ke3 Na5 73. Nd2 b5 74. f3 Rh5 75. Rc3 Nc4+ 76. Nxc4 bxc4 77. Rc2 g5 78. Rg2 Kf7 79. Kd2 Kg6 80. f4 Kf5 81. fxg5 Rxg5 82. Rh2 Ke4 83. Rh4+ Kf5 84. Rh2 Rg4 85. Kc3 Ke4 1/2-1/2

[Event "AUT-chT (Women) 1516"]
[Site "Austria"]
[Date "2016.02.26"]
[Round "4.2"]
[White "Zechner, Andrea"]
[Black "Truszkiewicz, Eliza"]
[Result "0-1"]
[WhiteElo "1892"]
[BlackElo "1909"]
[PlyCount "78"]
[EventDate "2015.11.06"]
[EventType "team-swiss"]
[EventRounds "7"]
[EventCountry "AUT"]
[SourceTitle "EXT 2017"]
[Source "ChessBase"]
[SourceDate "2016.10.25"]
[SourceVersion "1"]
[SourceVersionDate "2016.10.25"]
[SourceQuality "1"]
[WhiteTeam "Extraherb (W)"]
[BlackTeam "Graz Chess (W)"]
[WhiteTeamCountry "AUT"]
[BlackTeamCountry "AUT"]

1. d4 d5 2. Nf3 Nf6 3. c4 e6 4. e3 c5 5. Nc3 a6 6. cxd5 Nxd5 7. Bd3 Nc6 8. 0-0 cxd4 9. exd4 Be7 10. a3 Bf6 11. Bc2 Nde7 12. Ne4 h6 13. Nxf6+ gxf6 14. Re1 b5 15. Be4 Nd5 16. Qb3 Nce7 17. Bd2 f5 18. Bc2 Bb7 19. Ne5 Rg8 20. f3 Nc7 21. Qe3 Rc8 22. Bb3 Rg5 23. Qf2 Rg8 24. Qh4 Ng6 25. Qf2 Nh4 26. g3 f6 27. Kf1 fxe5 28. gxh4 e4 29. Bxh6 exf3 30. Bxe6 Nxe6 31. Rxe6+ Kf7 32. Qe1 Be4 33. Rxe4 fxe4 34. Qxe4 Qf6 35. Bg5 Qe6 36. Qb7+ Kg6 37. Re1 Qh3+ 38. Kf2 Rc2+ 39. Ke3 f2+ 0-1

[Event "AUT-chT (Women) 1516"]
[Site "Austria"]
[Date "2015.11.08"]
[Round "3.2"]
[White "Anker, Christin"]
[Black "Zechner, Andrea"]
[Result "1-0"]
[WhiteElo "1822"]
[BlackElo "1892"]
[PlyCount "53"]
[EventDate "2015.11.06"]
[EventType "team-swiss"]
[EventRounds "7"]
[EventCountry "AUT"]
[SourceTitle "EXT 2017"]
[Source "ChessBase"]
[SourceDate "2016.10.25"]
[SourceVersion "1"]
[SourceVersionDate "2016.10.25"]
[SourceQuality "1"]
[WhiteTeam "Schach ohne Grenzen (W)"]
[BlackTeam "Extraherb (W)"]
[WhiteTeamCountry "AUT"]
[BlackTeamCountry "AUT"]

1. e4 c6 2. d4 d5 3. Nc3 g6 4. e5 Bg7 5. f4 h5 6. Be3 Nh6 7. Qd2 Na6 8. Nf3 Bg4 9. Ng5 Nc7 10. Bd3 Bf5 11. Be2 Qd7 12. 0-0-0 e6 13. h3 Ke7 14. Rhg1 h4 15. Bf2 Ng8 16. Nf3 f6 17. Nxh4 Rf8 18. g4 Rxh4 19. Bxh4 Be4 20. Qe3 Ke8 21. Nxe4 dxe4 22. Qxe4 Qf7 23. Bc4 f5 24. gxf5 gxf5 25. Qg2 Qh5 26. Qxg7 Qxh4 27. Qxc7 1-0

[Event "AUT-chT (Women) 1415"]
[Site "Austria"]
[Date "2014.10.05"]
[Round "3.1"]
[White "Zechner, Andrea"]
[Black "Wu, Min"]
[Result "1/2-1/2"]
[WhiteElo "1896"]
[BlackElo "1929"]
[PlyCount "137"]
[EventDate "2014.10.03"]
[EventType "team-swiss"]
[EventRounds "9"]
[EventCountry "AUT"]
[SourceTitle "EXT 2016"]
[Source "ChessBase"]
[SourceDate "2015.10.08"]
[SourceVersion "1"]
[SourceVersionDate "2015.10.08"]
[SourceQuality "1"]
[WhiteTeam "Extraherb (W)"]
[BlackTeam "Mayrhofen/Zillertal (W)"]
[WhiteTeamCountry "AUT"]
[BlackTeamCountry "AUT"]

1. d4 d5 2. c4 e6 3. Nf3 Nf6 4. e3 Be7 5. Nbd2 0-0 6. Bd3 c5 7. 0-0 Nc6 8. b3 cxd4 9. exd4 dxc4 10. Nxc4 Nb4 11. Bb1 b6 12. Bg5 Bb7 13. Nce5 Ne4 14. Bxe7 Qxe7 15. Qe1 Ng5 16. Qe3 Nxf3+ 17. Nxf3 Rac8 18. a3 Nd5 19. Qe5 Qf6 20. Be4 Qxe5 21. dxe5 Rc3 22. Nd4 a6 23. Rfd1 Rfc8 24. Kf1 h6 25. g3 Kf8 26. Ke1 R3c7 27. Kd2 Nc3 28. Bxb7 Rxb7 29. Rdc1 Rbc7 30. f3 Ke7 31. Rc2 Nd5 32. Rxc7+ Rxc7 33. Rc1 Rxc1 34. Kxc1 Kd7 35. Kd2 f6 36. f4 Ne7 37. Kd3 Nc6 38. Nxc6 Kxc6 39. Kd4 f5 40. Kc4 h5 41. a4 Kb7 42. a5 Kc7 43. Kb4 Kc6 44. axb6 Kxb6 45. Ka4 a5 46. b4 axb4 47. Kxb4 Kc6 48. Ka5 Kc5 49. Ka6 Kc6 50. Ka7 Kc7 51. h3 h4 52. gxh4 g6 53. h5 gxh5 54. h4 Kc6 55. Kb8 Kd5 56. Kc7 Ke4 57. Kd6 Kxf4 58. Kxe6 Kg4 59. Kd5 f4 60. e6 f3 61. e7 f2 62. e8Q f1Q 63. Qe4+ Kg3 64. Kd4 Qf6+ 65. Qe5+ Qxe5+ 66. Kxe5 Kg4 67. Ke4 Kxh4 68. Kf4 Kh3 69. Kf3 1/2-1/2

[Event "AUT-chT (Women) 1314"]
[Site "Austria"]
[Date "2014.02.01"]
[Round "5"]
[White "Anker, Christin"]
[Black "Zechner, Andrea"]
[Result "1-0"]
[WhiteElo "1852"]
[BlackElo "1900"]
[PlyCount "63"]
[EventDate "2013.12.06"]
[EventType "team-tourn"]
[EventRounds "9"]
[EventCountry "AUT"]
[SourceTitle "EXT 2015"]
[Source "ChessBase"]
[SourceDate "2014.11.20"]
[SourceVersion "1"]
[SourceVersionDate "2014.11.20"]
[SourceQuality "1"]
[WhiteTeam "Schach ohne Grenzen (W)"]
[BlackTeam "Steyr (W)"]
[WhiteTeamCountry "AUT"]
[BlackTeamCountry "AUT"]

1. e4 c6 2. d4 d5 3. Nc3 dxe4 4. Nxe4 Bf5 5. Ng3 Bg6 6. h4 h6 7. N1e2 Nf6 8. Nf4 Bh7 9. Bc4 Nbd7 10. Qe2 Nb6 11. Bb3 a5 12. a4 Nbd5 13. Nfh5 e6 14. c3 Nxh5 15. Nxh5 Nf6 16. Bf4 Nxh5 17. Qxh5 Be7 18. Be5 Bg6 19. Qe2 0-0 20. h5 Bh7 21. Bc2 c5 22. Bxh7+ Kxh7 23. dxc5 Qd5 24. 0-0 Bxc5 25. Rfd1 Qc6 26. Qd3+ Kh8 27. Qg3 Rg8 28. Qf4 f6 29. Bxf6 Kh7 30. Bd4 Bd6 31. Qg4 Bc7 32. Qg6+ 1-0

[Event "AUT-ch (Women)"]
[Site "Feldkirch"]
[Date "2013.07.26"]
[Round "7"]
[White "Zechner, Andrea"]
[Black "Hapala, Michaela"]
[Result "0-1"]
[WhiteElo "1945"]
[BlackElo "1783"]
[PlyCount "184"]
[EventDate "2013.07.20"]
[EventType "swiss"]
[EventRounds "9"]
[EventCountry "AUT"]
[SourceTitle "CBM 155 Extra"]
[Source "ChessBase"]
[SourceDate "2013.08.26"]
[SourceVersion "1"]
[SourceVersionDate "2013.08.26"]
[SourceQuality "1"]

1. d4 f5 2. Nc3 d5 3. Bg5 g6 4. e3 c6 5. Nf3 Nd7 6. Bd3 Bg7 7. h3 Qb6 8. Qc1 e5 9. dxe5 Nxe5 10. Nxe5 Bxe5 11. 0-0 Be6 12. Rb1 h6 13. Bf4 Bxf4 14. exf4 0-0-0 15. Re1 Rd6 16. b4 Nf6 17. Na4 Qd8 18. Nc5 Re8 19. Qa3 Kb8 20. b5 b6 21. Na6+ Ka8 22. bxc6 Bc8 23. c7 Rxe1+ 24. Rxe1 Qf8 25. Bb5 Kb7 26. Nb8 a5 27. Nc6 Kxc7 28. Re7+ Bd7 29. Rxd7+ Nxd7 30. Ne5 Nc5 31. Be2 Qf6 32. Qc3 Kd8 33. Qd4 Ke7 34. Bf3 Ne4 35. Qd3 g5 36. Qe3 Ke6 37. Nd3 Qa1+ 38. Nc1 d4 39. Qe1 Kf6 40. fxg5+ Nxg5 41. Bh5 Re6 42. Qd2 Qc3 43. Qf4 Qe1+ 44. Kh2 Qe5 45. Nd3 Qxf4+ 46. Nxf4 Rc6 47. Bd1 Ne4 48. Kg1 Nc3 49. Bf3 Rc4 50. Kf1 b5 51. Ke1 b4 52. Kd2 Ne4+ 53. Kc1 Nxf2 54. Kb2 Ne4 55. Be2 Rc5 56. Bd3 Ke5 57. Ng6+ Kd6 58. Nh4 Ke6 59. Nf3 Kd5 60. Nh4 f4 61. Ng6 Nf2 62. Nxf4+ Ke5 63. g3 Nd1+ 64. Kc1 Ne3 65. Kb2 Rc3 66. Ng6+ Kf6 67. Nh4 Ra3 68. Nf3 Nd1+ 69. Kc1 Nc3 70. Nxd4 Rxa2 71. g4 Ra1+ 72. Kd2 Rh1 73. Nc6 Rh2+ 74. Kc1 Rh1+ 75. Kd2 Ra1 76. h4 Nb1+ 77. Ke3 Ra3 78. Kd4 Nd2 79. g5+ hxg5 80. hxg5+ Kxg5 81. Kc5 Rxd3 82. Nxa5 Rc3+ 83. Kxb4 Rxc2 84. Kb5 Kf5 85. Nc6 Ke4 86. Nb4 Rc1 87. Nc6 Kd5 88. Nb4+ Kd6 89. Nd3 Rb1+ 90. Nb4 Ne4 91. Kc4 Nd2+ 92. Kc3 Rb3+ 0-1